Miasta USA - Statystyki

Ogólne statystyki
  • Ten quiz został rozwiązany 630 razy
    622 od ostatniego zresetowania
  • Średni wynik to 46 z 304
Statystyki odpowiedzi
Stan Miasto % Poprawnych
Nowy Jork Nowy Jork
93%
Kalifornia Los Angeles
90%
Floryda Miami
82%
DC Waszyngton
82%
Kalifornia San Francisco
81%
Illinois Chicago
79%
Nevada Las Vegas
78%
Massachusetts Boston
72%
Teksas Dallas
68%
Waszyngton Seattle
65%
Teksas Houston
64%
Georgia Atlanta
63%
Kolorado Denver
62%
Michigan Detroit
62%
Pennsylwania Filadelfia
61%
Kalifornia San Diego
61%
Arizona Phoenix
60%
Luizjana Nowy Orlean
59%
Teksas San Antonio
53%
Indiana Indianapolis
52%
Teksas Austin
51%
Kalifornia Sacramento
51%
Maine | Oregon Portland
50%
Kalifornia San Jose
47%
Missisipi Jackson
45%
Kansas | Missouri Kansas City
45%
Oklahoma Oklahoma City
45%
Floryda Orlando
45%
Utah Salt Lake City
45%
Minnesota Minneapolis
40%
Karolina Północna Charlotte
39%
Ohio Cleveland
37%
Floryda Jacksonville
37%
Hawaje Honolulu
34%
Missouri St. Louis
34%
Floryda Tampa
34%
Tenessee Memphis
32%
Wisconsin Milwaukee
32%
New Jersey New Jersey
31%
Georgia | Ohio Columbus
30%
Tenessee Nashville
30%
Nowy Meksyk Santa Fe
30%
Nowy Meksyk Albuquerque
29%
Teksas El Paso
26%
Maryland Baltimore
25%
Teksas Fort Worth
25%
Pennsylwania Pittsburgh
25%
Ohio Cincinnati
24%
Kalifornia Oakland
22%
Nowy Jork Buffalo
21%
Kentucky Louisville
20%
Kalifornia | Wirginia Richmond
20%
Kalifornia Santa Monica
20%
Alabama Birmingham
19%
Alaska Anchorage
18%
Alabama Montgomery
18%
Nebraska Omaha
18%
Oregon Salem
18%
Illinois | Massachusetts | Missouri Springfield
18%
Karolina Północna Winston-Salem
18%
Karolina Południowa | Wirginia Zachodnia Charleston
17%
Kolorado Colorado Springs
17%
Arkansas Little Rock
17%
Rhode Island Providence
17%
Idaho Boise
16%
New Jersey Newark
16%
Nevada Reno
16%
Arizona Tucson
16%
Luizjana Baton Rouge
15%
Kalifornia Fresno
15%
Georgia Savannah
15%
Floryda Tallahassee
15%
Iowa Des Moines
14%
Nebraska Lincoln
14%
Kalifornia Santa Barbara
14%
Karolina Południowa | Maryland | Missouri Columbia
13%
Alabama Mobile
13%
Wirginia Norfolk
13%
Karolina Północna Raleigh
13%
Kalifornia Santa Ana
13%
Oklahoma Tulsa
13%
Kansas Wichita
13%
Kalifornia Anaheim
12%
Wisconsin Green Bay
12%
Connecticut Hartford
12%
Kalifornia Hollywood
12%
Waszyngton Kent
12%
Kalifornia Long Beach
12%
New Hampshire Manchester
12%
Minnesota Saint Paul
12%
Kansas Topeka
12%
Tenessee Knoxville
11%
Kalifornia Ontario
11%
Waszyngton Spokane
11%
Waszyngton Tacoma
11%
Wirginia Virginia Beach
11%
Georgia Augusta
10%
Teksas Corpus Christi
10%
Oregon Eugene
10%
Floryda Fort Lauderdale
10%
Indiana Fort Wayne
10%
Michigan Grand Rapids
10%
Luizjana Lafayette
10%
Connecticut New Haven
10%
Kalifornia | Teksas Pasadena
10%
Minnesota | Nowy Jork Rochester
10%
Kalifornia San Bernardino
10%
Nowy Jork Syracuse
10%
Ohio Akron
9%
Teksas Amarillo
9%
Teksas | Wirginia Arlington
9%
Kalifornia Bakersfield
9%
Montana Billings
9%
Massachusetts Cambridge
9%
Kalifornia Concord
9%
Karolina Północna Durham
9%
Dakota Północna Fargo
9%
Alabama Huntsville
9%
Kentucky Lexington
9%
Kalifornia Santa Clara
9%
Kalifornia Santa Maria
9%
Kalifornia Santa Rosa
9%
Karolina Południowa Sioux Falls
9%
Kalifornia Stockton
9%
Waszyngton Vancouver
9%
Floryda West Palm Beach
9%
Karolina Północna Wilmington
9%
Wirginia Alexandria
8%
Michigan Ann Arbor
8%
Georgia Athens
8%
Illinois | Kolorado Aurora
8%
Kolorado Boulder
8%
Iowa Cedar Rapids
8%
Kalifornia Costa Mesa
8%
Pennsylwania Erie
8%
Arizona | Kalifornia Glendale
8%
Wirginia Hampton
8%
Nevada Henderson
8%
Kalifornia Huntington Beach
8%
Michigan Lansing
8%
Wisconsin Madison
8%
Arizona Mesa
8%
Floryda Miramar
8%
Utah Provo
8%
Teksas Round Rock
8%
Kalifornia Santa Clarita
8%
Floryda Spring Hill
8%
Ohio Toledo
8%
Teksas Wichita Falls
8%
Teksas Beaumont
7%
Waszyngton Bellevue
7%
Kalifornia Berkeley
7%
Connecticut Bridgeport
7%
Kalifornia Burbank
7%
Kalifornia Corona
7%
Iowa Davenport
7%
Ohio Dayton
7%
Waszyngton Everett
7%
Kalifornia Fremont
7%
Teksas Frisco
7%
Kalifornia Fullerton
7%
Floryda Gainesville
7%
Karolina Północna Greensboro
7%
Kalifornia Inglewood
7%
Teksas Irving
7%
Wirginia Newport News
7%
Kalifornia Orange
7%
Kalifornia Pomona
7%
Floryda Pompano Beach
7%
Kolorado Pueblo
7%
Kalifornia Riverside
7%
Illinois Rockford
7%
Indiana South Bend
7%
Teksas Waco
7%
Teksas Abilene
6%
Pennsylwania Allentown
6%
Floryda Brandon
6%
Teksas Brownsville
6%
Floryda Cape Coral
6%
Karolina Północna Cary
6%
Tenessee Chattanooga
6%
Wirginia Chesapeake
6%
Kalifornia Daly City
6%
Teksas Denton
6%
Kalifornia El Cajon
6%
Kalifornia El Monte
6%
Indiana Evansville
6%
Kalifornia Fairfield
6%
Kolorado Fort Collins
6%
Missouri Independence
6%
Kalifornia Irvine
6%
Kalifornia Murrieta
6%
Oklahoma Norman
6%
Kansas Overland Park
6%
Floryda Palm Bay
6%
Kalifornia Palmdale
6%
Nevada Paradise
6%
Kalifornia Thousand Oaks
6%
Kalifornia Victorville
6%
Massachusetts Worcester
6%
Kalifornia Antioch
5%
Oklahoma Broken Arrow
5%
Teksas Carrollton
5%
Kolorado Centennial
5%
Arizona Chandler
5%
Kalifornia Chula Vista
5%
Tenessee Clarksville
5%
Floryda Clearwater
5%
Floryda Coral Springs
5%
New Jersey Edison
5%
Illinois Elgin
5%
New Jersey Elizabeth
5%
Nevada Enterprise
5%
Karolina Północna Fayettville
5%
Michigan Flint
5%
Teksas Garland
5%
Arizona Gilbert
5%
Kalifornia Hayward
5%
Kolorado Highlands Ranch
5%
Karolina Północna High Point
5%
Wisconsin Kenosha
5%
Kolorado Lakewood
5%
Teksas Laredo
5%
Nowy Meksyk Las Cruces
5%
Massachusetts Lowell
5%
Teksas Mesquite
5%
Teksas Midland
5%
Kalifornia Modesto
5%
New Jersey Paterson
5%
Kalifornia Salinas
5%
Arizona Tempe
5%
Teksas The Woodlands
5%
Kolorado Thornton
5%
Kolorado Westminster
5%
Nowy Jork Yonkers
5%
Kolorado Arvada
4%
Kalifornia Carlsbad
4%
Kalifornia Elk Grove
4%
Kalifornia Fontana
4%
Kalifornia Garden Grove
4%
Teksas Grand Prairie
4%
Oregon Gresham
4%
Illinois Joliet
4%
Kalifornia Lancaster
4%
Teksas Lubbock
4%
Kalifornia Moreno Valley
4%
Teksas Odessa
4%
Arizona | Illinois Peoria
4%
Kalifornia Rialto
4%
Teksas Richardson
4%
Kalifornia Roseville
4%
Luizjana Shreveport
4%
Kalifornia Ventura
4%
Michigan Warren
4%
Utah West Valley City
4%
Kalifornia Downey
3%
Kalifornia Escondido
3%
Floryda Hialeah
3%
Teksas Killeen
3%
Teksas McAllen
3%
Teksas McKinney
3%
Tenessee Murfreesboro
3%
Illinois Naperville
3%
Kalifornia Norwalk
3%
Kalifornia Oxnard
3%
Floryda Pembroke Pines
3%
Kalifornia Rancho Cucamonga
3%
Arizona Scottsdale
3%
Kalifornia Simi Valley
3%
Nevada Spring Valley
3%
Connecticut Stamford
3%
Michigan Sterling Heights
3%
Nevada Sunrise Manor
3%
Arizona Surprise
3%
Kalifornia Torrance
3%
Kalifornia Oceanside
2%
Kansas Olathe
2%
Teksas Piano
2%
Kalifornia Vallejo
2%
Connecticut Waterbury
2%
Utah West Jordan
2%
Luizjana Metairie
1%
Kalifornia Sunnyvale
1%
Kalifornia Ternecula
1%
Kalifornia Visalia
1%
Kalifornia West Covina
1%
Nie znaleziono quizów pasujących do podanych kryteriów
Rozkład punktacji
Procent ludzi z każdym wynikiem
Percentyl według liczby udzielonych odpowiedzi
Twoja historia wyników
Nie rozwiązałeś tego quizu od ostatniego zresetowania